Partners : [3 romanzi generazionali sulla "maleducazione sentimentale" degli anni Ottanta] /

সংরক্ষণ করুন:
গ্রন্থ-পঞ্জীর বিবরন
প্রধান লেখক: Severini, Gilberto (লেখক)
বিন্যাস: গ্রন্থ
ভাষা:ইতালিয়
প্রকাশিত: Ancona [etc.] : Transeuropa, 1988
ট্যাগগুলো: ট্যাগ যুক্ত করুন
কোনো ট্যাগ নেই, প্রথমজন হিসাবে ট্যাগ করুন!

MARC

LEADER 00000nam a22000007i 4500
001 IT\ICCU\LO1\0337393
003 ItRI
005 20260115231931.0
008 940623s1988 it |||||| ||||| |||||c
020 |a 8878280046 
040 |b ita  |c importazione bologna sebina 
041 7 |a ita  |2 ISO-639-2 
082 |a 853.914  |9 NARRATIVA ITALIANA, 1945-1999  |2 21 
100 1 |a Severini, Gilberto  |0 IT\ICCU\CFIV\076135  |4 aut 
245 1 0 |a Partners :  |b [3 romanzi generazionali sulla "maleducazione sentimentale" degli anni Ottanta] /  |c Gilberto Severini. 
246 1 3 |a Severini partners.  |9 IT\ICCU\LO1\0339518 
260 |a Ancona [etc.] :  |b Transeuropa,  |c 1988 
300 |a 166 p. ;  |c 22 cm 
500 |a Compl. del tit. tratto dalla cop. 
500 |a Tit. del dorso e della cop  |0 IT\ICCU\LO1\0339518 
942 |2 ddc  |c BK  |n 0 
952 |0 0  |1 0  |4 0  |6 DOC_853_914000000000000_SEV  |7 0  |9 17061  |a BO  |b BO  |d 2026-01-15  |i 5111  |l 0  |o DOC 853.914 SEV  |p BO5111  |r 2026-01-15 23:19:31  |w 2026-01-15  |x [Sebina 5] [1 v.]  |y BK  |z 1 v. 
999 |c 14568  |d 14568